书目信息 |
| 题名: |
西方文化与电影
|
|
| 作者: | 史小妹 主编 | |
| 分册: | ||
| 出版信息: | 西安 西北工业大学出版社 2007 |
|
| 页数: | 323页 | |
| 开本: | 21cm | |
| 丛书名: | ||
| 单 册: | ||
| 中图分类: | K500.3 , J905.5 , J905.1 | |
| 科图分类: | ||
| 主题词: | 文化史--西方国家 , 电影--鉴赏--西方国家 , 电影 , 电视--艺术 | |
| 电子资源: | ||
| ISBN: | 978-7-5612-2177-8 | |
| 000 | 01035nam0 2200289 450 | |
| 001 | 1535683164 | |
| 005 | 20150119095510.10 | |
| 010 | @a978-7-5612-2177-8@dCNY16.00 | |
| 100 | @a20070402d2007 em y0chiy50 ea | |
| 101 | 0 | @achi |
| 102 | @aCN@b610000 | |
| 105 | @aa z 000yy | |
| 200 | 1 | @a西方文化与电影@9xi fang wen hua yu dian ying@f史小妹主编 |
| 210 | @a西安@c西北工业大学出版社@d2007 | |
| 215 | @a323页@c图@d21cm | |
| 300 | @a大学英语选修课系列教材/李庆明总主编 | |
| 330 | @a本书分别从西方宗教与哲学、历史、文学、教育、价值观与道德伦理、节日与习俗等方面较为系统地介绍了西方文化的特色,并通过丰富的电影例证使西方文化特征具体化、形象化、生动化,最后推介了50部脍炙人口的电影经典作品,使读者对不同类型的西方经典影片有个概括的了解。 | |
| 606 | 0 | @a文化史@x西方国家 |
| 606 | 0 | @a电影@x鉴赏@x西方国家 |
| 606 | 0 | @a电影 |
| 606 | 0 | @a电视@x艺术 |
| 690 | @aK500.3@v5 | |
| 690 | @aJ905.5@v5 | |
| 690 | @aJ905.1@v4 | |
| 701 | 0 | @a史小妹@9shi xiao mei@4主编 |
| 801 | 0 | @aCN@bTSSF@c20150119 |
| 905 | @aZUCC@dJ905.1@eJY51 | |
| 西方文化与电影/史小妹主编.-西安:西北工业大学出版社,2007 |
| 323页:图;21cm |
| 大学英语选修课系列教材/李庆明总主编 |
| ISBN 978-7-5612-2177-8:CNY16.00 |
| 本书分别从西方宗教与哲学、历史、文学、教育、价值观与道德伦理、节日与习俗等方面较为系统地介绍了西方文化的特色,并通过丰富的电影例证使西方文化特征具体化、形象化、生动化,最后推介了50部脍炙人口的电影经典作品,使读者对不同类型的西方经典影片有个概括的了解。 |
| ● |
| 相关链接 |
|
|
|
|
正题名:西方文化与电影
索取号:J905.1/JY51
 
预约/预借
| 序号 | 登录号 | 条形码 | 馆藏地/架位号 | 状态 | 备注 |
| 1 | 7848782 | 278487825 | 学院路分馆/ [索取号:J905.1/JY51] | 在馆 | |
| 2 | 7848783 | 278487834 | 学院路分馆/ [索取号:J905.1/JY51] | 在馆 |